| LEADER 00000nam 2200000uu 4500 |
| 001 13399137005 |
| 003 ULIBM |
| 008 260424s||||||||th 000 0 tha d |
| 050 ^aว สน.มธ. 33 2549 |
| 090 ^aE-book |
| 100 0 ^aบูรณิมา กรุณามิตร. |
| 245 10 ^aเกณฑ์โครงการออกแบบสถาปัตยกรรมภายในอาคารสำนักงาน บริษัท มาสเตอร์ แอด จำกัด (มหาชน) /^cบูรณิมา กรุณามิตร. |
| 246 1 ^aInterior architecture design for Master Ad Public Company Limited /^cBooranima Karunamit. |
| 260 ^aปทุมธานี :^bมหาวิทยาลัยธรรมศาสตร์, ^c2549. |
| 300 ^a8, 143 แผ่น. |
| 502 ^aวิทยานิพนธ์ สถาปัตยกรรมภายในบัณฑิต, 2549. |
| 650 7 ^aการออกแบบอาคารสำนักงาน. |
| 700 0 ^aพลอยจันทร์ วิฑูรชาติ,^eอาจารย์ที่ปรึกษา. |
| 856 ^uhttps://digital.library.tu.ac.th/tu_dc/frontend/Info/item/dc:339140 ^zเอกสารฉบับเต็ม (ดูรายบทคลิกที่ Bookmarks) |
| 999 ^aประวีณา ปานทอง |